000 00751nam a2200265Ia 4500
005 20260121170623.0
008 008 260114s9999 xx 000 0 eng d
020 _a9783319786995
037 _aEBOOK
040 _aCRL
040 _beng
040 _cCRL
041 _2eng
041 _aeng
084 _qCRL
100 _aJi?í Doležal, Miroslav Dvorský, Annett Börner, Jan Wild, Fritz Hans Schweingruber
_91066114
245 0 _aAnatomy, Age and Ecology of High Mountain Plants in Ladakh, the Western Himalaya
260 _bSpringer
260 _bSpringer
260 _c2018
856 _uhttps://link.springer.com/openurl?genre=book&isbn=978-3-319-78699-5
942 _cEBOOK
999 _c1631844
_d1631844